| 000 | 01714nam0a2200301 4500 | ||
|---|---|---|---|
| 001 | RU\NLR\bibl\1272319 | ||
| 005 | 20250615134519.0 | ||
| 010 | _a978-5-903271-14-6 | ||
| 021 |
_aRU _b2008-56230 _93124 |
||
| 035 | _a(NLR Aleph) 001258186 | ||
| 090 |
_a362166 _c362166 |
||
| 100 | _a20080911d2008 |||y0rusy50 ca | ||
| 101 | 1 |
_arus _ceng |
|
| 102 | _aRU | ||
| 105 | _aa ||||||||| | ||
| 200 | 1 |
_aОценка стоимости нематериальных активов _e[главы из монографии Financial valuation. Applications and models by James R. Hitchner, 2nd edition. John Wiley & sons,Inc., Hoboken, New Jersey, 2006, 1336 p.] _fДжеймс Р. Хитчнер _g[пер.: Л.И. Лопатников, О.В. Куракина] _gпод науч. ред. В.М. Рутгайзера _gНП саморегулируемая орг. Ассоц. рос. магистров оценки |
|
| 210 |
_aМосква _cМаросейка _cОмега-Л _d2008 |
||
| 215 |
_a135 с. _cил. _d22 |
||
| 225 | 1 | _aСерия "Финансовое оценивание. Области применения и модели." | |
| 320 | _aБиблиогр. в подстроч. примеч. | ||
| 488 | 0 |
_12001#$aFinancial valuation. Applications and models _1205##$a2nd ed. _1210##$aHoboken (N.J.)$cWiley & sons,$d2006 _1700#1$aHitchner$bJ. R.$gJames R$4070 _tFinancial valuation. Applications and models _aHitchner, James R |
|
| 606 | 1 |
_aНематериальные активы _xОценка _92402383 _3RU\NLR\auth\661431944 |
|
| 686 | _aУ5-571.1 | ||
| 700 | 1 |
_aХитчнер _bД. Р. _gДжеймс Р _4070 |
|
| 801 | 0 |
_aRU _bNLR _c20080911 _gRCR |
|
| 801 | 1 |
_aRU _bNLR _c20080911 |
|
| 942 | _cBOOK | ||
| 980 | _aNB | ||